UBT Library

The ethics of organ transplants : (Record no. 43760)

000 -LEADER
fixed length control field 00837pam a2200253 a 4500
001 - CONTROL NUMBER
control field 4980801
005 - DATE AND TIME OF LATEST TRANSACTION
control field 20180301034613.0
008 - FIXED-LENGTH DATA ELEMENTS--GENERAL INFORMATION
fixed length control field 981001s1998 nyua b 000 0 eng
010 ## - LIBRARY OF CONGRESS CONTROL NUMBER
LC control number 98031722
020 ## - INTERNATIONAL STANDARD BOOK NUMBER
International Standard Book Number 1573922242 (alk. paper)
040 ## - CATALOGING SOURCE
Original cataloging agency DLC
Transcribing agency DLC
Modifying agency DLC
041 ## - LANGUAGE CODE
Language code of text/sound track or separate title eng
080 ## - UNIVERSAL DECIMAL CLASSIFICATION NUMBER
Universal Decimal Classification number 174.25
082 00 - DEWEY DECIMAL CLASSIFICATION NUMBER
Classification number 174.25 CAP
Edition number 21
100 ## - Rafti
Rafti 24
101 ## - Shkurtesa
Shkurtesa FIL
245 04 - TITLE STATEMENT
Title The ethics of organ transplants :
Statement of responsibility, etc edited by Arthur L. Caplan and Daniel H. Coelho.
504 ## - BIBLIOGRAPHY, ETC. NOTE
Bibliography, etc "Bibliography": p. 347-349.
504 ## - BIBLIOGRAPHY, ETC. NOTE
Bibliography, etc Includes bibliographical references.
906 ## - LOCAL DATA ELEMENT F, LDF (RLIN)
a 7
b cbc
c orignew
d 1
e ocip
f 19
g y-gencatlg
942 ## - ADDED ENTRY ELEMENTS (KOHA)
Source of classification or shelving scheme
Item type Books
Holdings
Withdrawn status Lost status Source of classification or shelving scheme Damaged status Not for loan Collection code Permanent location Current location Shelving location Date acquired Total Checkouts Full call number Barcode Date last seen Price effective from Koha item type
          Koleksioni i përgjithshem UBT - Lipjan UBT - Lipjan Koleksioni i përgjithshem 03/01/2018   174.25 CAP 002-3000134 03/01/2018 03/01/2018 Books
UBT Library © 2015-2024. All rights reserved University Education for Business and Technology